000 00689nas a2200241 4500
001 BR9500671
003 BR-BrBNA
005 20231205093839.0
007 ta
008 230509b bl.|||p| |||| 00| 00por d
040 _aBR-BrBNA
_bpor
_cBiblioteca Nacional de Agricultura
041 _a(Pt)
072 _aF50
100 1 _aAlmeida, M. de
100 1 _aCrocomo, O.J.
245 1 _aOrganografia de dez cultivares de cana-de-acucar
650 _aCana de Acucar
650 _aFolha
650 _aBotanica
773 0 _tRevista de Agricultura (Brazil)
_xISSN 0034-7655
_g(Sep 1994), v. 69(2) p. 161-182
_wBR9500671
909 _a202311
_bLúcia
_c55
_dLúcia Elande
942 _2AGRIS
_n0
_cANA
999 _c140704
_d140704